| 000 | 00690nam a2200193 a 4500 | ||
|---|---|---|---|
| 005 | 20140412111250.0 | ||
| 008 | 030411s19uu xx 00 eng d | ||
| 020 | _a0-394-84837-3 | ||
| 050 |
_aTR(PS E _bBe35Si 1981 |
||
| 100 | _aBerenstain, Stan & Jan | ||
| 245 |
_aBerenstain Bears and the sitter (The) / _cStan & Jan Berenstain. |
||
| 260 |
_aNew York : _bRandom House, _c1981. |
||
| 300 | _a1 v. (unp.) ; ill. | ||
| 440 | _aThe Berenstain Bears | ||
| 520 | _aBrother and Sister Bear are not happy with the idea of Mrs. Grizzle for a baby-sitter, but they find her drawstring bag very intriguing. | ||
| 650 | _aBaby-sitters--Fiction | ||
| 650 | _aBears--Fiction | ||
| 999 |
_c103081 _d103081 |
||